| 000 | 00499nam a22001817a 4500 | ||
|---|---|---|---|
| 999 |
_c12851 _d12851 |
||
| 008 | 251231b 2025 ||||| |||| 00| 0 eng d | ||
| 020 | _a9789280118346 | ||
| 082 |
_a623.8884 _bIMO |
||
| 100 | _aIMO | ||
| 245 | _aShips' routeing | ||
| 250 | _a15th ed. | ||
| 260 |
_aLondon _bImo _c2025 |
||
| 300 | _axvii,856p. | ||
| 650 | _aGeneral provisions on ships' routeing | ||
| 650 | _aTraffic separation schemes and inshore traffic zones | ||
| 650 | _aBaltic Sea and adjacent waters | ||
| 942 | _cBK | ||